Kornai, János, 1928-. From socialism to capitalism. - Budapest : Central European University Press. - 2008 [Rezension]
| Titel: | Kornai, János, 1928-. From socialism to capitalism. - Budapest : Central European University Press. - 2008 [Rezension] |
|---|---|
| Verfasser: | |
| In: |
East central Europe, Band 37, Heft 1 (2010), Seite 153-155 alle Artikel anzeigen |
| Veröffentlicht: | 2010 |
| Format: | Aufsatz |
| Sprache: | Englisch |
| Hinweise zum Inhalt: |
zusätzliche Angaben
|
X
alg: 39493346 001A $01999:12-11-16 001B $01999:04-08-21 $t20:59:42.000 001D $01999:12-11-16 001U $0utf8 001X $00 002@ $0Aox 003@ $039493346X 007A $039493346X $aHEB 007T $0Herdc0082523m 009P $A2 $3zusätzliche Angaben $uhttp://dx.doi.org/10.1163/187633010X488407 010@ $aeng 011@ $a2010 021A $aKornai, János, 1928-. From socialism to capitalism. - Budapest : Central European University Press. - 2008 [Rezension] 028A $aŠćepanović $dVera 031A $d37 $e1 $h153-155 $j2010 039B $aIn $8--Abvc--. East central Europe. - Leiden : Brill, 1974-. - ISSN 0094-3037 $x201000000370001847 $9047226099 039T $8--Aay--Kornai, János$Z1928-2021 [Tp1]. From socialism to capitalism. - Budapest : Central European University Press, 2008. - XVI, 240 S.. - ISBN 963-9776-16-5 $9306307286 045F $a900.9437 $eDDC23BSB 045F/01 $a900 045F/03 $g437 045T $a7,41 lok: 39493346 78 exp: 39493346 78 1 #EPN 201B/01 $018-11-16 $t13:11:16.000 201U/01 $0utf8 203@/01 $0791232042 208@/01 $a12-11-16 $be 209A/01 $a/ $f000 $x00 220C/01 $aTitelaufnehmer: pg 220C/01 $aHerkunft: HI Marburg 244Z/01 $2Trx $#Kesk- ja Ida- Euroopa kontseptsioonid $#Vidurio Europos koncepcijos $#East-Central Europe $#Keletközépeurópa-eszmék $#Europa Środkowo-Wschodnia koncepcje $#Európa stredovýchodná koncepcie $#Evropa střední, východní část koncepce $#Mitteleuropa $#Osteuropakonzeptionen $#Europa Środkowa koncepcje $#Stredná Európa koncepcie $#Střední Europa koncepce $8--Trx--Ostmitteleuropakonzeptionen $x01 $9391364286 244Z/01 $2Trx $#arvustused $#recenzijos $#Reviews $#recenziók $#recenzje $#recenzie $#recenze $8--Trx--Rezensionen $x02 $9391357441 244Z/01 $2Trx $8--Trx--elektronische Ressource $x03 $939138452X 247C/01 $82080>Marburg/Lahn, Herder-Institut, Forschungsbibliothek, Bibliographieportal $9336309341
| LEADER | 00000caa a22000002c 4500 | ||
|---|---|---|---|
| 001 | 39493346X | ||
| 003 | DE-603 | ||
| 005 | 20210804205942.0 | ||
| 007 | tu | ||
| 008 | 161112s2010 xx |||| | u00||u|eng c | ||
| 035 | |a (DE-599)HEB39493346X | ||
| 040 | |a DE-603 |b ger |c DE-603 |d DE-603 | ||
| 041 | |a eng | ||
| 082 | 0 | 4 | |8 1\u |a 900.9437 |q DE-101 |2 23/BSB |
| 084 | |a 7,41 |2 ssgn | ||
| 085 | |8 1\u |b 900 | ||
| 085 | |8 1\u |z 2 |s 437 | ||
| 100 | 1 | |a Šćepanović, Vera | |
| 245 | 0 | 0 | |a Kornai, János, 1928-. From socialism to capitalism. - Budapest : Central European University Press. - 2008 [Rezension] |
| 264 | 0 | |c 2010 | |
| 773 | 0 | 8 | |i In |t East central Europe |d Leiden : Brill, 1974- |h 24 cm |x 0094-3037 |g Band 37, Heft 1 (2010), Seite 153-155 |w (DE-603)047226099 |w (DE-600)190826-1 |
| 787 | 0 | 8 | |i Rezension von |a Kornai, János, 1928-2021 |t From socialism to capitalism |d Budapest : Central European University Press, 2008 |h XVI, 240 S. |z 9639776165 |z 9789639776166 |w (DE-603)306307286 |
| 856 | 4 | 2 | |u http://dx.doi.org/10.1163/187633010X488407 |3 zusätzliche Angaben |
| 924 | 0 | |9 2080 |a (DE-603)791232042 |b DE-2080 |c HES |d d |g / | |


